000 00431nam a2200133Ia 4500
005 20260328104253.0
008 260328s9999||||xx |||||||||||||| ||und||
100 _aSoto Curiel, Carlos Daniel
245 0 _aEl Factor Estético en el Diseño Industrial /
_cCarlos Daniel Soto Curiel
260 _bCentro de Investigaciones de Diseño Industrial (CIDI)
300 _a248 p.
650 _aDISEÑO INDUSTRIAL - ELEMENTOS
942 _cBK
999 _c10339
_d10339